Playing for both sides (Record no. 66508)

MARC details
000 -LEADER
fixed length control field 01424cam a2200229 4500
001 - CONTROL NUMBER
control field ABS63681
008 - FIXED-LENGTH DATA ELEMENTS--GENERAL INFORMATION
fixed length control field 000000n2001 000 0 eng u
035 ## - SYSTEM CONTROL NUMBER
System control number (Sirsi) u111617
100 ## - MAIN ENTRY--PERSONAL NAME
Personal name Bingham, T.
245 ## - TITLE STATEMENT
Title Playing for both sides
260 ## - PUBLICATION, DISTRIBUTION, ETC.
Date of publication, distribution, etc. 2001
490 ## - SERIES STATEMENT
Series statement Building
Volume/sequential designation 266(8172) 9 March 2001, 56-57(2)
520 ## - SUMMARY, ETC.
Summary, etc. Considers the ruling in "Glencot Developments & Design Co Ltd v Ben Barrett & Son (Contractors) Ltd", and the lessons it has for adjudicators. The case involved an adjudicator who was asked by the two parties involved to become a mediator, and then returned to his role of adjudicator. The Construction Act requires an adjudicator to act impartially. The judge concluded that the adjudicator's state of mind was irrelevant, and that it was possible to argue he had compromised his impartiality by his actions. The former considered the part of the dispute that might be affected by bias and made a conditional order for the other parts in favour of Glencot.
590 ## - LOCAL NOTE (RLIN)
Local note ABS
650 ## - SUBJECT ADDED ENTRY--TOPICAL TERM
Topical term or geographic name entry element MEDIATORS
650 ## - SUBJECT ADDED ENTRY--TOPICAL TERM
Topical term or geographic name entry element MANAGEMENT-DISPUTE AVOIDANCE, MANAGEMENT AND RESOLUTION-DISPUTE MANAGEMENT AND RESOLUTION-ALTERNATIVE DISPUTE RESOLUTION-ADJUDICATION-ADJUDICATORS
650 ## - SUBJECT ADDED ENTRY--TOPICAL TERM
Topical term or geographic name entry element GLENCOT DEVELOPMENT AND DESIGN CO LTD V BEN BARRETT AND SON (CONTRACTORS) LTD
650 ## - SUBJECT ADDED ENTRY--TOPICAL TERM
Topical term or geographic name entry element IMPARTIALITY
650 ## - SUBJECT ADDED ENTRY--TOPICAL TERM
Topical term or geographic name entry element ALTERNATIVE DISPUTE RESOLUTION
690 ## - LOCAL SUBJECT ADDED ENTRY--TOPICAL TERM (OCLC, RLIN)
Topical term or geographic name as entry element Dispute resolution
9 (RLIN) 6236
942 ## - ADDED ENTRY ELEMENTS (KOHA)
Suppress in OPAC 0
Holdings
Withdrawn status Lost status Source of classification or shelving scheme Damaged status Not for loan Home library Current library Shelving location Date acquired Total Checkouts Full call number Barcode Date last seen Copy number Price effective from Koha item type
    Dewey Decimal Classification     London London Journal article 23/03/2001   ABS63681 111617-1001 06/08/2019 1 06/08/2019 Journal article